Ukrajina v kŕčoch
Zhoršujúca sa sociálna a ekonomická situácia na Ukrajine. Predseda vlády Arsenij Jaceňuk a jeho snaha o reformy. Odchod partnerských strán z vládnej koalície. Finančná pomoc z Medzinárodného menového fondu. Márny boj reformátorov proti oligarchickým klanom. Ako von z marazmu.
Na minha lista:
| Autor principal: | |
|---|---|
| Formato: | Capítulo de Livro |
| Idioma: | eslovaco |
| Assuntos: | |
| Tags: |
Sem tags, seja o primeiro a adicionar uma tag!
|
MARC
| LEADER | 00000naa a2200000 4500 | ||
|---|---|---|---|
| 001 | 0213717 | ||
| 005 | 20231113104739.4 | ||
| 041 | 0 | |a slo | |
| 044 | |a SK | ||
| 245 | 1 | 0 | |a Ukrajina v kŕčoch |c Adrian Peter Pressburg |
| 520 | |a Zhoršujúca sa sociálna a ekonomická situácia na Ukrajine. Predseda vlády Arsenij Jaceňuk a jeho snaha o reformy. Odchod partnerských strán z vládnej koalície. Finančná pomoc z Medzinárodného menového fondu. Márny boj reformátorov proti oligarchickým klanom. Ako von z marazmu. | ||
| 610 | 2 | 0 | |a politika vnútorná |
| 610 | 2 | 0 | |a vláda |
| 610 | 2 | 0 | |a kríza |
| 610 | 2 | 0 | |a revolúcia |
| 610 | 2 | 0 | |a reformy |
| 610 | 2 | 0 | |a pomoc finančná |
| 610 | 2 | 0 | |a Ukrajina |
| 100 | 1 | |a Pressburg, Adrian Peter | |